000164509 001__ 164509
000164509 005__ 20251203145551.0
000164509 037__ $$aTAZ-TFG-2025-4313
000164509 041__ $$aspa
000164509 1001_ $$aAguirán Blasco, Sabina María
000164509 24200 $$aIndoor air quality: some case studies in residential sector.
000164509 24500 $$aAnálisis de la calidad de aire en interiores: algunos casos de estudio en sector residencial.
000164509 260__ $$aZaragoza$$bUniversidad de Zaragoza$$c2025
000164509 506__ $$aby-nc-sa$$bCreative Commons$$c3.0$$uhttp://creativecommons.org/licenses/by-nc-sa/3.0/
000164509 520__ $$aEn primer lugar se realiza una revisión bibliográfica sobre calidad del aire en el sector residencial. Posteriormente se estudian algunos de los diferentes medidores existentes en el mercado y tras la selección de los que van a ser utilizados a lo largo del trabajo (medidores inBiot y Aranet), se analizan las mediciones proporcinadas por estos. Se estudia la evolución de los diferentes parámetros en diferentes viviendas, así como el comportamiento de estos al realizar una serie de experimentos. Algunos de los parámetros estudiados son el formaldehído, los COV'S, la materia particulada y el ozono, entre otros. Se plantean hipótesis y razonamientos para explicar las mediciones obtenidas y se indican recomendaciones para lograr una buena calidad del aire interior en los hogares. <br />
000164509 521__ $$aGraduado en Ingeniería Química
000164509 540__ $$aDerechos regulados por licencia Creative Commons
000164509 691__ $$a3 11 13
000164509 692__ $$aEl trabajo contribuye a la reducción del número de muertes y enfermedades producidas por productos químicos peligrosos y la contaminación del aire, así, así como también promueve el bienestar y pretende reducir el impacto ambiental negativo de las ciudades prestando especial atención a la calidad del aire. Además se busca mejorar la educación, la sensibilización y la capacidad humana e institucional respecto de la mitigación del cambio climático, la adaptación a él, la reducción de sus efectos y la alerta temprana.
000164509 700__ $$aZalba Nonay, María Belén$$edir.
000164509 7102_ $$aUniversidad de Zaragoza$$bIngeniería Mecánica$$cMáquinas y Motores Térmicos
000164509 8560_ $$f816056@unizar.es
000164509 8564_ $$s4944043$$uhttps://zaguan.unizar.es/record/164509/files/TAZ-TFG-2025-4313.pdf$$yMemoria (spa)
000164509 909CO $$ooai:zaguan.unizar.es:164509$$pdriver$$ptrabajos-fin-grado
000164509 950__ $$a
000164509 951__ $$adeposita:2025-12-03
000164509 980__ $$aTAZ$$bTFG$$cEINA
000164509 999__ $$a20250909093601.CREATION_DATE